000 01490nkm a2200313 i 4500
001 4124
003 ES-MaACL
005 20251013180900.0
007 khrbo
008 070627s1987 sp --- g |001||spa d
100 0 _aAlfonso,
_d1902-1990
_919858
245 1 0 _aMesa redonda sobre "La vigencia actual del teatro clásico" [
_hFotografía] /
_cAlfonso (sello).
260 _a[S.l. :
_bs.n.],
_c1987.
300 _a2 fot. :
_bb. y n. ;
_c12 x 18 cm.
500 _aDatos basados en invitación.
511 0 _aIntervienen: Adolfo Marsillach, Carlos Cytrynowki, Rafael Pérez Sierra, Ignacio Amestoy Eguiguren; modera: Enrique Lenza González.
518 _aActo organizado por la Sección de Teatro del Ateneo de Madrid en colaboración con la Compañía Nacional de Teatro Clásico, celebrado en el salón de actos el miércoles, 21 de octubre de 1987, a las 20:00 h.
600 1 4 _aMarsillach, Adolfo,
_d1928-2002
_977141
600 1 4 _aCytrynowki, Carlos.
_942324
600 1 4 _aPérez Sierra, Rafael.
_991162
600 1 4 _aAmestoy Eguiguren, Ignacio,
_d1947-
_921210
600 1 4 _aLenza González, Enrique.
_971558
610 2 4 _aAteneo de Madrid-
_xActos culturales-
_y1987-
_vFotografías.
_91902
710 2 _aAteneo de Madrid.
_bSección de Teatro.
_92010
710 2 _aCompañía Nacional de Teatro Clásico.
_93122
852 _aES-MaACL
_jFOT 189/1987
856 4 _uhttp://www.ateneodemadrid.net/biblioteca_digital/imagenes/1987/0189-1987.jpg
_zVer imagen
999 _c4124
_d4124